Minerals and rocks : (Record no. 11841)

000 -LEADER
fixed length control field 00559nam a2200181Ia 4500
020 ## - INTERNATIONAL STANDARD BOOK NUMBER
ISBN 0471000426
040 ## - CATALOGING SOURCE
Transcribing agency ILU
082 04 - DEWEY DECIMAL CLASSIFICATION NUMBER
Classification number 552 JOH 1994 A031 Or.
100 1# - MAIN ENTRY--AUTHOR NAME
Personal name Klein, Cornelis,
245 10 - TITLE STATEMENT
Title Minerals and rocks :
Remainder of title exercises in crystallography, mineralogy, and hand specimen petrology /
250 ## - EDITION STATEMENT
Edition statement Rev. ed
260 ## - PUBLICATION, DISTRIBUTION, ETC. (IMPRINT)
Place of publication New York :
Name of publisher John Wiley & Sons,
Year of publication c1994
300 ## - PHYSICAL DESCRIPTION
Number of Pages x, 405 p. :
Other physical details ill. ;
Dimensions 28 cm
500 ## - GENERAL NOTE
General note Includes 10 perforated "insert" leaves of plates for "Exercise 2."
650 #0 - SUBJECT ADDED ENTRY--TOPICAL TERM
Topical Term Mineralogy
650 #0 - SUBJECT ADDED ENTRY--TOPICAL TERM
Topical Term Petrology
942 ## - ADDED ENTRY ELEMENTS (KOHA)
Koha item type សៀវភៅភាសាអង់គ្លេស
952 ## - LOCATION AND ITEM INFORMATION (KOHA)
Withdrawn status [LOCAL, KOHA] 0
Holdings
Permanent Location Date acquired Koha item type Lost status Shelving location Barcode Current Location Full call number
Library Block A2017-08-07សៀវភៅភាសាអង់គ្លេស A031A15143Library Block A552 JOH 1994 A031 Or.
មជ្ឈមណ្ឌលឯការនៃសាកលវិទ្យាល័យភូមិន្ទកសិកម្មចំការដូង

Powered by Koha